000 00782nam a22002297a 4500
005 20120719114547.0
008 120719t xxu||||| |||| 00| 0 eng d
010 _aG-002037
020 _a9781405053716
_c595.00
035 _aG-002037
037 _adpl
_bGift
050 _a338.761
082 _a338.761
100 _aVise, David A.
_950275
245 _aThe Google Story
_cby David A. Vise
260 _aNew York
_b Pan Macmillan Ltd
_c2005
270 _a20,New Wharf Road
_bLondon
300 _a326p
_c22cm
942 _2ddc
_cEN
_mVIS
_h338.761
999 _c68472
_d68472